La formación del estilo : (Registro nro. 34339)
[ vista simple ]
| 000 -CABECERA | |
|---|---|
| campo de control de longitud fija | 00779nam a2200229 a 4500 |
| 001 - NÚMERO DE CONTROL | |
| campo de control | 000034848 |
| 005 - FECHA Y HORA DE LA ÚLTIMA TRANSACCIÓN | |
| campo de control | 20200930073936.0 |
| 008 - DATOS DE LONGITUD FIJA--INFORMACIÓN GENERAL | |
| campo de control de longitud fija | 111020s1962 sp 000 0 spa d |
| 040 ## - FUENTE DE LA CATALOGACIÓN | |
| Centro catalogador/agencia de origen | DO-SdBNP |
| Lengua de catalogación | spa |
| Centro/agencia transcriptor | BNPHU |
| 082 ## - NÚMERO DE LA CLASIFICACIÓN DECIMAL DEWEY | |
| Número de clasificación | 808 |
| Número de documento/Ítem | A452f, 1962 |
| 100 1# - ENTRADA PRINCIPAL--NOMBRE DE PERSONA | |
| Nombre de persona | Alonso Schökel, Luis |
| Fechas asociadas al nombre | 1920 - |
| 9 (RLIN) | 60378 |
| 245 13 - MENCIÓN DE TÍTULO | |
| Título | La formación del estilo : |
| Resto del título | libro del alumno / |
| Mención de responsabilidad, etc. | Luis Alonso Schökel. |
| 250 ## - MENCIÓN DE EDICIÓN | |
| Mención de edición | 4a ed. |
| 260 ## - PUBLICACIÓN, DISTRIBUCIÓN, ETC. | |
| Lugar de publicación, distribución, etc. | Santander, España : |
| Nombre del editor, distribuidor, etc. | Sal Terrae, |
| Fecha de publicación, distribución, etc. | 1962. |
| 300 ## - DESCRIPCIÓN FÍSICA | |
| Extensión | 394 p. ; |
| Dimensiones | 22 cm. |
| 490 0# - MENCIÓN DE SERIE | |
| Mención de serie | Biblioteca comillensis |
| 590 ## - NOTA LOCAL (RLIN) | |
| Nota local | Perteneció a la biblioteca personal de Juan Isidro Jimenes Grullón |
| 650 #4 - PUNTO DE ACCESO ADICIONAL DE MATERIA--TÉRMINO DE MATERIA | |
| Término de materia o nombre geográfico como elemento de entrada | Estilo literario |
| 9 (RLIN) | 5690 |
| 650 #4 - PUNTO DE ACCESO ADICIONAL DE MATERIA--TÉRMINO DE MATERIA | |
| Término de materia o nombre geográfico como elemento de entrada | Español |
| Subdivisión general | Estilo |
| 9 (RLIN) | 60379 |
| 830 #0 - PUNTO DE ACCESO ADICIONAL DE SERIE-TÍTULO UNIFORME | |
| Título uniforme | Biblioteca comillensis |
| 9 (RLIN) | 60380 |
| 910 ## - DATOS DE OPCIÓN DEL USUARIO (OCLC) | |
| Datos de opción del usuario | Validado. Control de calidad MFF |
| Estado de retiro | Estado de pérdida | Restricciones de uso | No para préstamo | Código de colección | Localización permanente | Ubicación/localización actual | Ubicación en estantería | Fecha de adquisición | Número de inventario | Total de préstamos | Signatura topográfica completa | Código de barras | Fecha visto por última vez | Precio válido a partir de | Tipo de ítem Koha | Nota pública |
|---|---|---|---|---|---|---|---|---|---|---|---|---|---|---|---|---|
| Excluido de préstamo | Monografías: Libros y Folletos | General | General | Depósito | 20.10.2011 | LF1 | 808 A452f, 1962 | 34848-10 | 25.06.2020 | 25.06.2020 | No se presta | Perteneció a la biblioteca personal de Juan Isidro Jimenes Grullón | ||||
| Monografías: Libros y Folletos | General | General | Orden iniciada | 20.10.2011 | LF1 | 808 A452f, 1962 | 34849-10 | 25.06.2020 | 25.06.2020 | No se presta | ||||||
| Monografías: Libros y Folletos | General | General | Orden iniciada | 20.10.2011 | LF1 | 808 A452f, 1962 | 34849-20 | 25.06.2020 | 25.06.2020 | No se presta |
